| 000 | 00933cam a22002411i 4500 | ||
|---|---|---|---|
| 003 | SA-RiAUC | ||
| 005 | 20250410091038.0 | ||
| 008 | 250409s1997 ||| g d 000 0 ara c | ||
| 040 |
_aSA-JeALM _bara _cSA-RiAUC _erda |
||
| 082 | 0 | 4 |
_a258.303 _qSA-RiAUC |
| 090 |
_a258.303 _b ك ا ف |
||
| 100 | 1 |
_aالكاف، سقاف بن علي، _d1940-1996 _eمؤلف. |
|
| 245 | 1 | 0 |
_aمعجم في مصطلحات فقه الشافعية / _cسقاف بن علي الكاف. |
| 264 | 1 |
_a[مكان النشر غير محدد] : _bسقاف بن علي الكاف، _c1997 |
|
| 300 | _a174 صفحة | ||
| 336 |
_aنص _btxt _2rdacontent _3كتاب |
||
| 337 |
_aبدون وسيط _bn _2rdamedia |
||
| 338 |
_aمجلد _bnc _2rdacarrier |
||
| 500 | _aإهداء من محمد سقاف الكاف. | ||
| 650 | 7 |
_aالفقه الشافعي _vمعجم مصطلحات _2aucsh |
|
| 942 |
_2ddc _cBOOK _n0 |
||
| 949 |
_aSA-JeALM _d250409 _umohamedma123 _n1 |
||
| 999 |
_c6860 _d6860 |
||